Swapy kreditného zlyhania (Credit default swaps) ako nástroj riadenia kreditného rizika

Charakteristika kreditných derivátov a ich výhody oproti tradičným nástrojom zaistenia úverov. Hlavné tendencie a faktory vývoja trhu s kreditnými derivátmi. Možnosti využitia swapov kreditného zlyhania pri riadení a obchodovaní s kreditným rizikom.

Gespeichert in:
Bibliographische Detailangaben
1. Verfasser: Mikócziová, Jana
Format: Buchkapitel
Sprache:Slowakisch
Schlagworte:
Tags: Tag hinzufügen
Keine Tags, Fügen Sie das erste Tag hinzu!

MARC

LEADER 00000naa$a2200000$$$4500
001 0082143
005 20240502071925.1
041 0 |a slo 
044 |a SK 
245 1 0 |a Swapy kreditného zlyhania (Credit default swaps) ako nástroj riadenia kreditného rizika  |c Jana Mikócziová 
520 |a Charakteristika kreditných derivátov a ich výhody oproti tradičným nástrojom zaistenia úverov. Hlavné tendencie a faktory vývoja trhu s kreditnými derivátmi. Možnosti využitia swapov kreditného zlyhania pri riadení a obchodovaní s kreditným rizikom. 
610 2 0 |a banky 
610 2 0 |a riadenie rizík 
610 2 0 |a riziko úverové 
610 2 0 |a deriváty 
610 2 0 |a úver 
610 2 0 |a likvidita 
610 2 0 |a náklady transakčné 
100 1 |a Mikócziová, Jana